000 00200nam a2200085Ia 4500
008 120527s9999 xx 000 0 und d
100 _aBergerson, Betty
245 _aPharmacology in Nursing
942 _cBK
999 _c27387
_d27387